00563cam a22002171 4500001001300000003000400013005001700017008004100034010001700075035001800092040001800110042001200128050001700140100003000157245003300187260002200220300001800242650003400260650003400294999001700328sa 68016401 DLC20260227112654.0720629s1962 xx 000 0 ind  asa 68016401  a(OCoLC)344781 aDLCcOAUdDLC apremarc00aLA1273b.K281 aKartohadiprodjo, Sudiman.10aCurriculum perguruan tinggi. a[Bandung,c1962?] a13 l.c34 cm. 0aEducation, HigherzIndonesia. 0aEducation, HigherxCurricula. c87070d87070